000 01091nam a22002537a 4500
005 20170124103106.0
010 _aB-067219
020 _c175.00
_a8188164070
035 _aB-067219
037 _bCen Lib/Ret
040 _aDPL
_bHN
082 _a080
_bशर्माशं
100 _aशर्मा, शंकर दयाल
_978264
245 _aसंस्कृति और शिक्षा /
_cशंकर दयाल शर्मा
246 _aSanskriti or shiksha /
_bby Shankar Dayal Sharma
260 _aदिल्ली
_bपंकज पुस्तक मंदिर
_c2002
270 _b दिल्ली
_a77/1, ईस्ट आज़ाद नगर
_e110051
300 _a170पृ.
_c19सेमी (सजिल्द)
650 _aहिंदी--पत्रकारिता
_91191
650 _aकंप्यूटर और संस्कृत भाषा
_978265
650 _aHindi--Journalism
_943511
650 _aComputer and Sanskrit language
_978266
942 _2ddc
_cHN
_h080
_mशर्माशं
999 _c118085
_d118085